| 000 | 00992cam a22002894a 4500 | ||
|---|---|---|---|
| 001 | 13097775 | ||
| 005 | 20201128013525.0 | ||
| 008 | 030221s2004 njua b 001 0 eng | ||
| 010 | _a 2003043868 | ||
| 020 | _a0131976532 | ||
| 020 | _a9780131976535 | ||
| 040 |
_aDLC _cDLC _dDLC |
||
| 042 | _apcc | ||
| 050 | 0 | 0 |
_aRT41 _b.F8813 2004 |
| 082 | 0 | 0 |
_a610.73 _221 _bKOZ |
| 100 | 1 |
_92165 _aKozier, Barbara. |
|
| 245 | 0 | 0 |
_aFundamentals of Nursing : _bConcepts, Process, and Practice / _cBarbara Kozier ... [et al.]. |
| 260 |
_aHarlow : _bPrentice Hall Health, _cc2008. |
||
| 300 |
_axix, 786 p. : _bill. (chiefly col.) ; _c28 cm. |
||
| 504 | _aIncludes index. | ||
| 538 | _aMinimum system requirements: Windows 98 or newer and Power Macintosh. | ||
| 650 | 0 |
_aNursing. _94470 |
|
| 650 | 1 | 2 |
_aNursing Process. _94471 |
| 650 | 2 | 2 |
_94472 _aNursing care |
| 942 |
_2ddc _cNRB |
||
| 999 |
_c10895 _d10895 |
||